00459nam a2200193Ia 4500008004100000020001800041050001400059100002200073245001800095245003800113260001500151260001600166260000900182300001500191300002700206300001000233440001400243500000800257170918s9999 xx 000 0 und d a9780439696531 bD554 2004 aDiConsiglio, John aIce breaker : bthe freezing story of Lynne Cox / aNew York : bScholastic, c2004 a28 pages : bcolored illustration ; c19cm. aRead 180. a360